| 000 | nam a22 7a 4500 | ||
|---|---|---|---|
| 999 |
_c233510 _d233510 |
||
| 003 | Nust | ||
| 005 | 20170308125303.0 | ||
| 008 | 170308b xxu||||| |||| 00| 0 eng d | ||
| 040 | _c0 | ||
| 050 | _a628 ARS | ||
| 082 | _a628 ARS | ||
| 100 | _aHafiz Muhammad Zeshan Arshad | ||
| 245 |
_aQuorum Quenching Based Anti-Biofouling Mechanism In A Semi-Pilot Scale MBR Treating Real Wastewater _cHafiz Muhammad Zeshan Arshad |
||
| 260 |
_aIslamabad _bIESE (SCEE) NUST _c2016. |
||
| 300 |
_a63 p. _bHB. |
||
| 440 | _aMS Environmental Engineering | ||
| 500 | _aThesis MS EE | ||
| 650 | _aEnvironmental Engineering | ||
| 700 | _4Dr. Sher Jamal (Supervisor) | ||
| 942 |
_2ddc _cTHE _kIESE |
||